| Tag |
First Indicator |
Second Indicator |
Subfields |
| LEADER |
00000cam a2200000Ia 4500 |
| 001 |
in00001683821 |
| 005 |
20151024135748.0 |
| 008 |
020319s2001 ck a b 001 0 eng d |
| 020 |
|
|
|a 9588160065
|
| 035 |
|
|
|a (OCoLC)ocm49342980
|
| 040 |
|
|
|a CGU
|c CGU
|d TXA
|d UtOrBLW
|
| 041 |
1 |
|
|a eng
|h spa
|
| 043 |
|
|
|a s-ck---
|
| 049 |
|
|
|a TXAM
|
| 090 |
|
|
|a HG852
|b .H476 2001
|
| 100 |
1 |
|
|a Hernández Gamarra, Antonio.
|
| 245 |
1 |
2 |
|a A monetary history of Colombia /
|c Antonio Hernández Gamarra ; director, designer and editor, Benjamín Villegas ; prologue, José Antonio Ocampo ; foreword, Orlando García.
|
| 264 |
|
1 |
|a Bogotá :
|b Villegas editores,
|c 2001.
|
| 300 |
|
|
|a 279 pages :
|b illustrations (some color) ;
|c 31 cm.
|
| 336 |
|
|
|a text
|b txt
|2 rdacontent
|
| 337 |
|
|
|a unmediated
|b n
|2 rdamedia
|
| 338 |
|
|
|a volume
|b nc
|2 rdacarrier
|
| 504 |
|
|
|a Includes bibliographical references (pages 275-279) and index.
|
| 650 |
|
0 |
|a Money
|z Colombia
|x History.
|
| 651 |
|
0 |
|a Colombia
|x Economic conditions
|x History.
|
| 650 |
|
0 |
|a Coinage
|z Colombia
|x History.
|
| 650 |
|
0 |
|a Paper money
|z Colombia
|x History.
|
| 700 |
1 |
|
|a Villegas Jiménez, Benjamín.
|
| 948 |
|
|
|a cataloged
|b h
|c 2002/7/2
|d c
|e jgreene
|f 3:53:16 pm
|
| 994 |
|
|
|a E0
|b TXA
|
| 999 |
|
|
|a MARS
|
| 999 |
f |
f |
|s 2bca07fe-7575-3958-b5da-815f3e6b3b87
|i 8eacf3fe-0964-36a8-891e-901edbe61ade
|t 0
|
| 952 |
f |
f |
|p normal
|a Texas A&M University
|b College Station
|c Sterling C. Evans Library
|s Evans stk
|d Evans: Library Stacks
|t 0
|e HG852 .H476 2001
|h Library of Congress classification
|i unmediated -- volume
|m A14829197643
|
| 998 |
f |
f |
|a HG852 .H476 2001
|t 0
|l Evans: Library Stacks
|